00438 a2200121 4500020001500000082001200015100002100027245007100048260004500119300003500164500001900199650009800218 a0070586853 a658.404 aPhillips, Joseph aPMP: Project Management Professional Study GuidecPhillips, Joseph aNew Delhi (India)bThe McGraw-Hillc2004 axxxi, 600 p. ;bill. ;c25 cm. aIncludes index a1. Project management--examinations. 2. Electronic data processing personnel--certification.